Easy Sudoku with Whammies #3 - Statistics

General Stats
  • This quiz has been taken 352 times
  • The average score is 36 of 50
Answer Stats
Answer % Correct
5
86%
4
84%
4
84%
9
84%
7
83%
7
82%
8
82%
7
81%
4
78%
2
76%
3
75%
8
75%
4
74%
2
73%
3
73%
6
73%
6
73%
9
73%
1
72%
3
72%
4
72%
8
71%
2
70%
1
69%
2
69%
5
69%
6
69%
7
69%
1
68%
5
68%
6
68%
9
68%
1
67%
3
67%
5
67%
6
67%
6
67%
7
67%
8
67%
9
67%
2
66%
5
66%
8
66%
9
66%
1
65%
1
64%
3
63%
3
63%
5
63%
9
63%
No matching quizzes found
Score Distribution
Percent of People with Each Score
Percentile by Number Answered
Your Score History
You have not taken this quiz